| 000 | 00372nam a2200145Ia 4500 | ||
|---|---|---|---|
| 008 | 210716s2003 xx 000 0 und d | ||
| 041 | _aeng | ||
| 082 | _a658.404 SINA | ||
| 100 | _aSingh, Narendra. | ||
| 245 | _aProject management and control. | ||
| 250 | _a1 | ||
| 260 |
_aNew Delhi _bHimalaya Publishing House _c2003 |
||
| 300 | _a626 | ||
| 650 | _aProject Management | ||
| 999 |
_c199778 _d199778 |
||